| 000 | 00996nam a2200301 i 4500 | ||
|---|---|---|---|
| 001 | 190669 | ||
| 003 | ES-MaACL | ||
| 005 | 20240130122112.0 | ||
| 008 | 220429s2016 sp b 001 0 spa | ||
| 020 | _a978-84-16354-14-6 | ||
| 040 |
_aSpMaBN _bspa _cSpMaBN _erdc |
||
| 080 | _a930.85(460) | ||
| 100 | 1 |
_aMolino, Sergio del ( _d1979-) _9174403 |
|
| 245 | 1 | 3 |
_aLa España vacía : _bviaje por un país que nunca fue / _cSergio del Molino. |
| 250 | _a1ª ed., 6ª reimp. | ||
| 260 |
_aMadrid : _bTurner, _c2016. |
||
| 300 |
_a292 p. : _b2 mapas ; _c22 cm. |
||
| 490 | 1 | _aTurner noema | |
| 500 | _aÍndice onomástico. | ||
| 504 | _aBibliografía: p. 261-277. | ||
| 651 | 4 |
_aEspaña- _xCivilización. _98163 |
|
| 830 | 1 |
_aTurner noema _9225929 |
|
| 852 | 4 |
_aES-MaACL _jA-14942 _9197849 _bR.152171 _cDEPO1 _dOlim: N-7942 _hDonación: José C Piera Gil |
|
| 903 |
_991922 _aPiera, Carlos _ednr |
||
| 942 |
_2udc _cMONOGRAFIA |
||
| 999 |
_c190669 _d190669 |
||